"Gefühle, die aussterben mussten"?
| Titel: | "Gefühle, die aussterben mussten"? : Konstruktionen von Heimat(en) bei Franz Fühmann und Johannes Bobrowski / Withold Bonner |
|---|---|
| Verfasser: | |
| In: |
Zeit aus Schweigen, (2009), Seite 239-253 alle Artikel anzeigen |
| Veröffentlicht: | 2009 |
| Format: | Aufsatz |
| Sprache: | Deutsch |
X
alg: 22351581 001A $04504:21-05-10 001B $06002:09-02-11 $t01:20:00.000 001C $04504:21-05-10 $t15:29:01.000 001D $04504:21-05-10 001U $0utf8 001X $00 002@ $0Aou 003@ $0223515817 007A $0223515817 $aHEB 010@ $ager 011@ $a2009 021A $a"Gefühle, die aussterben mussten"? $dKonstruktionen von Heimat(en) bei Franz Fühmann und Johannes Bobrowski $hWithold Bonner 028A $7142157147 $8Bonner, Withold$Z1949- [Tp3] $9226350134 031A $h239-253 $j2009 039B $aIn $8--Aau--. Zeit aus Schweigen. - München : Meidenbauer, 2009. - 451 S.. - Ill., graph. Darst., Kt., Notenbeisp.. - ISBN 978-3-89975-119-2 $x200900000000000761 $9219917744 044K $#Bobrowsky, Johannes $#Bobrovskis, Johanesas $#Bobrovskij, Iogannes $#Bobrowski, Johannes Konrad Bernhard $#Bobṛuvskī, Johannis $#בוברובסקי, יוהאנס $7118512161 $8Bobrowski, Johannes$Z1917-1965 [Tp1] $9093003943 044K $#Fühmann, Franz Antonia Josef Rudolf Maria $#Fimanīs, Francis $#Fuehmann, Franz $#Fūmān, Frānts $#Fjuman, Franc $#Peu lan cheu Pwi man $#Peulancheu-Pwiman $#Pwiman, Peulancheu $#P'wiman, P'ŭranch'ŭ $#Фюман, Франц $#フランツ・フューマン $7118536672 $8Fühmann, Franz$Z1922-1984 [Tp1] $9086877739 044K $RMotiv $#Homeland in literature $74122192-8 $8Heimat$gMotiv [Ts1] $9085398918 045V $aBobrowski, Johannes $818.14.00$jZu einzelnen Autoren [Tkx] $911884380X 045V $aFühmann, Franz $818.14.00$jZu einzelnen Autoren [Tkx] $911884380X lok: 22351581 62 exp: 22351581 62 1 #EPN 201B/01 $021-05-10 $t22:41:51.000 203@/01 $0593276523 208@/01 $a21-05-10 $be 209A/01 $a/ $f000 $x00 209B/01 $a2010 $x05 247C/01 $8Frankfurt, Bibliographie der Deutschen Sprach- und Literaturwissenschaft $9113214561 201U/01 $0utf8 lok: 22351581 78 exp: 22351581 78 1 #EPN 201B/01 $021-06-21 $t14:48:31.000 201C/01 $021-06-21 201U/01 $0utf8 203@/01 $01158594607 208@/01 $a21-06-21 $be 209A/01 $a/ $f000 $x00 209A/01 $ab*p $x01 220C/01 $apgar 244Z/01 $#Preußen $#Preußen $#Brandenburg-Preußen $#Königreich Preußen $#Preußische Staaten $#Preußischer Staat $#Der @Preußische Staat $#Königlich Preußische Staaten $#Prusy Królewskie $#Königlich Preußen $#Prussia $74047194-9 $8--Tg1--Preußen $x01 $9085131652 247C/01 $82080>Marburg/Lahn, Herder-Institut, Forschungsbibliothek, Bibliographieportal $9336309341
| LEADER | 00000caa a2200000 c 4500 | ||
|---|---|---|---|
| 001 | 223515817 | ||
| 003 | DE-603 | ||
| 005 | 20110209012000.0 | ||
| 007 | tu | ||
| 008 | 100521s2009 xx |||| | u00||u|ger c | ||
| 035 | |a (DE-599)HEB223515817 | ||
| 040 | |a DE-603 |b ger |c DE-603 |d DE-603 | ||
| 041 | |a ger | ||
| 100 | 1 | |a Bonner, Withold |d 1949- |0 (DE-603)226350134 |0 (DE-588)142157147 |2 gnd | |
| 245 | 0 | 0 | |a "Gefühle, die aussterben mussten"? |b Konstruktionen von Heimat(en) bei Franz Fühmann und Johannes Bobrowski |c Withold Bonner |
| 264 | 0 | |c 2009 | |
| 600 | 1 | 7 | |a Bobrowski, Johannes |d 1917-1965 |0 (DE-588)118512161 |0 (DE-603)093003943 |2 gnd |
| 600 | 1 | 7 | |a Fühmann, Franz |d 1922-1984 |0 (DE-588)118536672 |0 (DE-603)086877739 |2 gnd |
| 650 | 7 | |a Heimat |g Motiv |0 (DE-588)4122192-8 |0 (DE-603)085398918 |2 gnd | |
| 773 | 0 | 8 | |i In |t Zeit aus Schweigen |d München : Meidenbauer, 2009 |h 451 S., Ill., graph. Darst., Kt., Notenbeisp. |z 9783899751192 |g (2009), Seite 239-253 |w (DE-603)219917744 |
| 924 | 0 | |9 603 |a (DE-603)593276523 |b DE-603 |c HES |d d | |
| 924 | 0 | |9 2080 |a (DE-603)1158594607 |b DE-2080 |c HES |d d |g / | |


